Komünist parti manifestosu ve komünizmin temel ilkeleri (Record no. 1593)

MARC details
000 -BAŞLIK
Sabit Uzunlukta Kontrol Alanı 00825na a2200289 4500
001 - KONTROL NUMARASI
Denetim Alanı 23106
003 - KONTROL NUMARASI IDENTIFIER
Denetim Alanı MIRAKIL
005 - SON İŞLEM TARİHİ VE ZAMANI
Denetim Alanı 20181213154828.0
008 - SABİT-BOY VERİ ELEMANLARI - GENEL BİLGİLER
Sabit Uzunlukta Kontrol Alanı 170711b tu 000 0
020 ## - ULUSLARARASI STANDART KİTAP NUMARASI
Uluslararası Standart Kitap Numarası 9786054409037
040 ## - KATALOGLAMA KAYNAK
Orijinal Kataloglama Ajansı Milas
Kataloglama Dili tur
Metne Dönüştürmek Ajansı TR-AnCHP
041 ## - DİL KODU
Metin / Ses Parça Veya Ayrı Başlığın Dil Kodu tur
082 ## - DEWEY ONLU SINIFLANDIRMA NUMARASI
Sınıflandırma Numarası 335.422
Ürün Numarası K24k 2010
090 ## - SINIFLAMA NUMARASI
Sınıflama Numarası 335.422 K24k 2010
100 ## - ANA GİRİŞ - KİŞİSEL İSİM
Kişisel Ad Marks, Karl
245 ## - BAŞLIK TABLOSU
Başlık Komünist parti manifestosu ve komünizmin temel ilkeleri
Sorumluluk Tablosu, Vb Karl Marks, Friedrich Engels
260 ## - YAYIN, DAĞITIM, VB
Yayın, Dağıtım, Vb Yeri İstanbul
Yayıncı, Dağıtıcı, Vs Adı kitapdostu yayınları
Yayın, Dağıtım, Vb Tarihi 2010
300 ## - FİZİKSEL TANIM
Kapsam 104 s.
Diğer Fiziksel Ayrıntıları fotğ.
Boyutlar 19 sm.
440 ## - SERİSİ TABLOSU / KATMA GİRİŞİ - BAŞLIK
Başlık kitapdostu yayınları
Hacim / Ardışık Tanımı 20
490 ## - SERİSİ TABLOSU
Seri Beyanı Tarih
Hacim / Ardışık Tanımı 5
650 ## - KONU KATMA GİRİŞ - TOPİKAL DÖNEM
Topikal Süreli Veya Coğrafi Ad Giriş Elemanı Sosyalizm
650 ## - KONU KATMA GİRİŞ - TOPİKAL DÖNEM
Topikal Süreli Veya Coğrafi Ad Giriş Elemanı Komünizm
Genel Alt Bölümü Temel İlkeler
650 ## - KONU KATMA GİRİŞ - TOPİKAL DÖNEM
Topikal Süreli Veya Coğrafi Ad Giriş Elemanı Komünizm
Genel Alt Bölümü Manifesto
650 ## - KONU KATMA GİRİŞ - TOPİKAL DÖNEM
Topikal Süreli Veya Coğrafi Ad Giriş Elemanı Marksist sistemler
700 ## - KATMA GİRİŞ - KİŞİSEL İSİM
Kişisel Ad Engels, Friedrich
942 ## - EKLENDİ GİRİŞ ELEMANLARI (KOHA)
Sınıflandırma Veya Raf Düzeni Kaynak Dewey Decimal Classification
Koha Öğesi Türü Books
999 ## - SİSTEM KONTROL NUMARALARI (KOHA)
Koha Biblionumber 1593
Koha Biblioitemnumber 1593
Holdings
Kalıcı Konum Mevcut Konum Edinme Tarihi Edinim Kaynak Toplam Check-Out'Lar Tam Çağrı Numarası Barkod Tarih Son Görülme İtibaren Geçerli Fiyatlar Koha Öğesi Türü
CHP Kütüphanesi CHP Kütüphanesi 07/11/2017 Bağış   335.422 K24k 2010 017079 07/11/2017 07/11/2017 Books